000 00913nam a22001937a 4500
999 _c1941
_d1941
005 20251125232741.0
008 s2522 th tha d
040 _aNALT
041 _atha
050 _aDS582.5 ศ6ส6
245 1 0 _aสังคมไทยสมัยรัชกาลที่ 5
260 3 _aกรุงเทพฯ :
_bกองจดหมายเหตุแห่งชาติ,
_c2522
300 _a112 หน้า :
_b ภาพประกอบ
650 0 4 _aไทย -- ประวัติศาสตร์ -- กรุงรัตนโกสินทร์ -- รัชกาลที่ 5
650 0 4 _aไทย -- ประวัติศาสตร์ -- กรุงรัตนโกสินทร์ -- รัชกาลที่ 5 -- ภาพถ่าย
850 _aNALT
856 4 0 _uhttps://hdl.handle.net/20.500.14156/443732
_71
942 _cGB
_2lcc